Statistics for Most Unique Countries

Click here to take the quiz!

General Stats

  • This quiz has been taken 23 times
  • The average score is 6 of 10

Answer Stats

Most Unique CountryIts Most Similar CountryCountry Similarity Index% Correct
JapanSouth Korea70.9
86%
North KoreaChina67.8
82%
TaiwanSouth Korea69.2
73%
South KoreaJapan70.9
73%
VietnamChina69.7
68%
MongoliaKazakhstan68.2
64%
ChinaVietnam69.6
64%
SingaporeBrunei67.1
59%
East TimorPapua New Guinea67.4
45%
IsraelItaly66.4
32%

Score Distribution

Percentile by Number Answered

Percent of People with Each Score

Your Score History

You have not taken this quiz